000 00459nam a2200181Ia 4500
001 44829
008 140428s9999 xx 000 0 und d
020 _aNA
040 _cPK-LaUMT
082 _aRHC 320.092
_bATS-S
100 _aAtsh Durrani
245 _aSoorat garaan asar (Urdu)
_cAtsh Durrani
260 _aLahore,Pakistan:
_bMaktaba Mairi Library,
_c1987
300 _a176 p.
546 _aUR
650 _aInterviews-Political persons
942 _cBK
999 _c42808
_d42808